Essentials of Process Control (Record no. 166535)

MARC details
000 -LEADER
fixed length control field 00498nam a2200205Ia 4500
008 - FIXED-LENGTH DATA ELEMENTS--GENERAL INFORMATION
fixed length control field 240823s9999||||xx |||||||||||||| ||und||
020 ## - INTERNATIONAL STANDARD BOOK NUMBER
International Standard Book Number 0-07-114193-6
082 ## - DEWEY DECIMAL CLASSIFICATION NUMBER
-- 660.2815 N7
100 ## - MAIN ENTRY--PERSONAL NAME
Personal name "Luyben,William L"
245 #0 - TITLE STATEMENT
Title Essentials of Process Control
250 ## - EDITION STATEMENT
Edition statement 1st
260 ## - PUBLICATION, DISTRIBUTION, ETC. (IMPRINT)
Date of publication, distribution, etc 1997
Name of publisher, distributor, etc "MGH,New York"
500 ## - GENERAL NOTE
General note YES
650 ## - SUBJECT ADDED ENTRY--TOPICAL TERM
Topical term or geographic name as entry element Process Control
700 ## - ADDED ENTRY--PERSONAL NAME
Personal name " Luyben,Michael L"
942 ## - ADDED ENTRY ELEMENTS (KOHA)
Item type Books
Holdings
Withdrawn status Lost status Damaged status Permanent location Current location Date acquired Source of acquisition Cost, normal purchase price Full call number Barcode Date last seen Koha item type
      CENTRAL LIBRARY, NOORUL ISLAM CENTRE FOR HIGHER EDUCATION CENTRAL LIBRARY, NOORUL ISLAM CENTRE FOR HIGHER EDUCATION 01/26/2004 Sudarsan Books 892.00 660.2815 N7 21147 08/23/2024 Books
Visitors:
Copyright © 2024 Central Library NICHE.  All rights reserved.